000 00714nam a22002657a 4500
999 _c364089
_d364089
001 78836
003 UA-OsUOA
005 20191120101648.0
007 ta
008 20111021b un ||||| |||| 00| 0 ukr d
020 _a5-85410-037-1
040 _aUA-OsUOA
_brus
_cUA-OsUOA
_dUA-OsUOA
041 _arus
080 _a821.161.1(44)
090 _a821.161.1(44)
_bГ61
100 _aГолон А.
245 _aАнжелика
260 _aБаку
_bОлимп
_c1992
300 _a592 с.
650 7 _a82 Література. Літературознавство
_2UDC
700 _aГолон С.
942 _cBK
_2udc
955 _a3